Джакомо Пучини (Запис номер 77637)
[ съкратено ]
| 000 -Лидер | |
|---|---|
| Контролно поле с фиксирана дължина | 01974nam a2200421 c 4500 |
| 003 - Код на организацията, давaща контролен номер | |
| Контролно поле | BLK |
| 005 - Дата и час на последна редакция | |
| Контролно поле | 20250311142033.0 |
| 008 - Елементи от данни с фиксирана дължина | |
| fixed length control field | 180408b bul|||||r ||||||| ||bul|| |
| 010 ## - Наследен системен номер | |
| LC control number | KNG00082096000 |
| 020 ## - Международен стандартен номер на книга ISBN | |
| Международен стандартен номер на книга ISBN | 978-84-9819-909-3 |
| -- | издат.: Mediasat Group, S. A. |
| 020 ## - Международен стандартен номер на книга ISBN | |
| Международен стандартен номер на книга ISBN | 978-84-9819-890-4 |
| -- | издат.: Mediasat Group, S. A. - (серия) |
| 040 ## - Източник на каталожния запис | |
| Идентификатор на билиотеката - собственик на записа | BLK |
| 041 ## - Код за език | |
| Код за езика на текст/звукозапис или на отделно заглавие | Български |
| Код за езика КДБФ | Български |
| 080 ## - УДК | |
| Текстов определител УДК | Музиканти-творци, композитори |
| УДК код - определител по УДК | 78.071.1 |
| УДК определител | (45)(092) |
| УДК - код + определител | 78.071.1(45)(092) |
| 080 ## - УДК | |
| Текстов определител УДК | |
| УДК код - определител по УДК | 929 Пучини, Джакомо |
| УДК определител | |
| УДК - код + определител | 929 Пучини, Джакомо |
| 139 ## - Редно поле | |
| Редна дума | Вишньос, Йоана |
| Авторски знак | Пу - П 93 |
| 245 10 - Сведения за заглавието | |
| Заглавие | Джакомо Пучини |
| Редно поле (дума) | авт. на текста Йоана Вишньос; прев. Милен Гочев Митев; ред. Лъчезар Каранлъков. |
| 257 ## - Страна на издаване | |
| Страна на създаване/издаване | Италия |
| 260 ## - Област на издателските данни | |
| -- | София |
| Име на издателя, разпространителя и проч. | Mediasat Group, S. A. |
| Година на издаване | 2007 |
| Печатница | Отпеч. в ЕС |
| 300 ## - Физическа характеристика | |
| Страници | 43 с. |
| Илюстрации и др. | с цв. ил. |
| Размери/Мащаб | 13Х14 см |
| Съпровождащи материали | CD |
| 380 ## - Жанр | |
| Жанр | Изкуство |
| 490 1# - СЕРИИ (Колекции) | |
| Име на серия | Шедьоври на класиката |
| №: серия | 19 |
| 500 ## - Общи забележки | |
| Забележка | Кн. е с CD 1653 |
| 600 #0 - Име на лице, използвано като предмет | |
| За него / За нея | Пучини, Джакомо |
| Свързани дати | 1858 - 1924 |
| Друга информация | Оперен композитор |
| Пълна форма на името | Пучини, Джакомо Антонио Доменико Микеле Секондо Мария |
| 9 (RLIN) | 387431 |
| 650 #4 - Допълнително описание по предмет – тема | |
| Основно описание – тема или топоним | Композитори, италиански |
| 9 (RLIN) | 276875 |
| 651 #4 - Допълнително описание по предмет - топоним | |
| Географско понятие | Италия |
| 9 (RLIN) | 178965 |
| 653 ## - Ключова дума – ненормативна | |
| Ключова дума | италиански композитори |
| 653 ## - Ключова дума – ненормативна | |
| Ключова дума | Джакомо Пучини |
| 700 1# - Други автори (авторска отговорност) | |
| Лично име | Вишньос, Йоана |
| Автороска отговорност (Описва отношението между автора и произведението) | авт. на текста |
| 9 (RLIN) | 48499 |
| 700 1# - Други автори (авторска отговорност) | |
| Лично име | Митев, Милен Гочев |
| Автороска отговорност (Описва отношението между автора и произведението) | прев. |
| 9 (RLIN) | 298399 |
| 700 1# - Други автори (авторска отговорност) | |
| Лично име | Каранлъков, Лъчезар Тодоров |
| Дати, свързани с автора | 1943-2022 |
| Автороска отговорност (Описва отношението между автора и произведението) | ред. |
| 9 (RLIN) | 76810 |
| 852 ## - Местоположение | |
| Форматна сигнатура | Цб І 32935 |
| 856 4# - Електронен адрес и достъп | |
| Електронен формат | pdf - файл |
| Път до файла /url/ | |
| 856 4# - Електронен адрес и достъп | |
| Електронен формат | pdf - файл |
| Път до файла /url/ | |
| 942 ## - АРТИКУЛИ | |
| Вид на библиотечния материал | Книги |
| Скрит в OPAC | Не |
| 944 ## - СЪЗДАВАНЕ И РЕДАКЦИЯ на ЗАПИСА | |
| Създаване/Редакция | Създаване |
| Дата на регистрацията/редакция | 10.03.2008 |
| Служител, извършил регистрацията/редакцията | 30560 |
| Статус, дата на статуса | Геновева Генчева |
| 944 ## - СЪЗДАВАНЕ И РЕДАКЦИЯ на ЗАПИСА | |
| Създаване/Редакция | Редакция |
| Дата на регистрацията/редакция | 08.01.2018 |
| Служител, извършил регистрацията/редакцията | Ирена_Линкова |
| 999 ## - СИСТЕМНИ КОНТРОЛНИ НОМЕРА | |
| Koha biblionumber | 77637 |
| Koha biblioitemnumber | 77637 |
| Код за отписване | Код за изгубен артикул | Източник на класификационната схема | Код за повреда | Коз за рестрикции | Код за отдаване | Артикулен № | Име на библиотеката - собственик | Име на библиотеката, в която се намира в момента | Статус (Текущо местоположение) | Дата на вписване в системата | Местоположение - отдел | Цена в лева | Инвентарен номер | Систематично азбучна сигнатура | Баркод | Номер на екземпляра | Цена в евро | Служебна бележка | Служебен тип на артикула |
|---|---|---|---|---|---|---|---|---|---|---|---|---|---|---|---|---|---|---|---|
| Не е изгубен | Universal Decimal Classification | Не е повреден | без рестрикции | заемане за дома | 125836 | Регионална библиотека "Любен Каравелов" Русе | Регионална библиотека "Любен Каравелов" Русе | Отдел Изкуство - подръчен фонд | 2008-03-10 | Отдел Изкуство - подръчен фонд | 4.90 | 120000724244 | 78.071.1(092)/П 93 | 120000724244 | 1 | 2.51 | Дост: DA Вид: А N: 6 Дата: 10.03.2008 Дата инв: 06.04.2017 Бележки инв: ИП2017 | Книги | |
| Не е изгубен | Universal Decimal Classification | Не е повреден | без рестрикции | заемане за дома | 125837 | Регионална библиотека "Любен Каравелов" Русе | Регионална библиотека "Любен Каравелов" Русе | Отдел Изкуство - подръчен фонд | 2008-03-10 | Отдел Изкуство - подръчен фонд | 4.90 | 120000724245 | 78.071.1(092)/П 93 | 120000724245 | 2 | 2.51 | Дост: DA Вид: А N: 6 Дата: 10.03.2008 Дата инв: 05.06.2012 Бележки инв: * | Книги | |
| Не е изгубен | Universal Decimal Classification | Не е повреден | без рестрикции | ползва се в читалня | 125838 | Регионална библиотека "Любен Каравелов" Русе | Регионална библиотека "Любен Каравелов" Русе | Хранилище | 2016-01-19 | Основен фонд - ползва се само за читалня | 4.90 | 120000796991 | Цб І 38468 | 120000796991 | 3 | 2.51 | Дост: DA Вид: А N: 1 Дата: 19.01.2016 Дата инв: 06.04.2017 Бележки инв: ИП2017 | Книги |